Countries Ending in 'E' Quiz Stats

 Plays Quiz Updated Jun 11, 2018

Score 0/15 Timer 04:00
11 Plays Today
Country % Correct
France
78.5%
Chile
77.8%
Greece
66.6%
Belize
64.3%
Suriname
54.6%
Ukraine
51.4%
Zimbabwe
46.1%
Palestine
43.3%
Country % Correct
Mozambique
39.2%
Côte d'Ivoire
38.1%
Singapore
37.6%
Sierra Leone
36.7%
Cabo Verde
36.5%
São Tomé and Príncipe
35.9%
Timor-Leste
30.4%

You're not logged in!

Compare scores with friends on all Sporcle quizzes.
OR
Log In

Sporcle TV

Today on Sporcle TV


Watch our educational content, quiz creation guides, and fun videos on Sporcle TV.

Show Comments

Extras

Top Quizzes Today


Score Distribution

Your Account Isn't Verified!

In order to create a playlist on Sporcle, you need to verify the email address you used during registration. Go to your Sporcle Settings to finish the process.

Report this User

Report this user for behavior that violates our Community Guidelines.

Details: